[Event "WRW Swiss"]
[Site "Hailey, ID"]
[Date "2009.10.10"]
[Round "2.6"]
[White "Bruess, Shane Anthony"]
[Black "Bruck, Nick Jon"]
[Result "0-1"]
[WhiteElo "863"]
[BlackElo "1154"]

1. e4 e5 2. Nf3 d6 3. d4 exd4 4. Nxd4 Bd7 5. Bb5 Bxb5 6. Nxb5 Nc6 7. Nd4 Qd7
8. Nc3 g6 9. Nxc6 Qxc6 10. f3 Bg7 11. Bd2 Nf6 12. O-O O-O 13. Qe1 Rfe8 14. Bg5
a6 15. Bxf6 Bxf6 16. Rd1 Bxc3 17. bxc3 Rad8 18. h3 d5 19. Qh4 Rd7 20. Qg5 Qc5+
21. Rd4 c6 22. Rfd1 Kg7 23. f4 f6 24. Qh4 Rxe4 25. Kf1 Rxd4 26. Rxd4 Qb5+ 27.
Kg1 Qb1+ 28. Kh2 Qxc2 29. Qg4 Qf5 30. Qe2 c5 31. Rd3 Qxf4+ 32. g3 Qe5 33. Qg4
Re7 34. h4 Qe2+ 35. Qxe2 Rxe2+ 36. Kh3 h5 37. Rxd5 Rxa2 38. Rd7+ Kf8 39. Rxb7
Ra3 40. Ra7 Rxc3 41. Rxa6 Rc2 42. Rxf6+ Kg7 43. Rc6 Kf7 44. g4 Rc3+ {#R} 0-1

[Event "WRW Swiss"]
[Site "Hailey, ID"]
[Date "2009.10.10"]
[Round "2.7"]
[White "Ellis, Chris Joseph Daryl"]
[Black "Jaramillo, Tyler"]
[Result "0-1"]
[WhiteElo "743"]
[BlackElo "952"]

1. e4 e5 2. d3 Nf6 3. Nf3 d5 4. exd5 Nxd5 5. Nxe5 Qe7 6. Be3 Qxe5 7. f4 Qxe3+
8. Qe2 Qxe2+ 9. Bxe2 Ne3 10. Nc3 Nxc2+ 11. Kd2 Nxa1 12. Rxa1 Bb4 13. Re1 Bxc3+
14. bxc3 O-O 15. Bf3 g6 16. d4 Nc6 17. d5 Na5 18. Re7 c6 19. dxc6 Nxc6 20. Rc7
Be6 21. a3 Rad8+ 22. Kc2 Bf5+ 23. Kc1 Rfe8 24. Rxb7 Re1+ 25. Kb2 Be6 26. Kc2
Bf5+ 27. Kb2 Na5 28. Ka2 Bb1+ 29. Ka1 Bc2+ 30. Ka2 Rd2 31. Rb2 Bb3# 0-1

[Event "WRW Swiss"]
[Site "Hailey, ID"]
[Date "2009.10.11"]
[Round "4.7"]
[White "Bruess, Shane Anthony"]
[Black "Ellis, Chris Joseph Daryl"]
[Result "1/2-1/2"]
[WhiteElo "863"]
[BlackElo "743"]

1. e4 d5 2. d3 dxe4 3. dxe4 Qxd1+ 4. Kxd1 f5 5. exf5 Bxf5 6. Bd3 Nh6 7. Bxf5
Nxf5 8. c3 Nc6 9. Nf3 e5 10. g4 e4 11. Nd4 Nfxd4 12. cxd4 Nxd4 13. Re1 O-O-O
14. Nd2 Nf3 15. Rxe4 Nxd2 16. Bxd2 g6 17. Ke1 h5 18. Bc3 Rh7 19. Bf6 Bb4+ 20.
Bc3 Bxc3+ 21. bxc3 hxg4 22. Rxg4 Rxh2 23. Rxg6 b6 24. Rd1 Rxd1+ 25. Kxd1 Rxf2
26. a4 Kb7 27. Rg5 c6 28. c4 Rf4 29. Kc2 Rxc4+ 30. Kb3 b5 31. axb5 Rc1 32. Kb4
Rb1+ 33. Ka5 cxb5 34. Rxb5+ Rxb5+ 35. Kxb5 a6+ {#d} 1/2-1/2

[Event "WRW Progressive"]
[Site "Hailey, ID"]
[Date "2010.10.09"]
[Round "4.3"]
[White "Walton, Taylor"]
[Black "Bruck, Nick Jon"]
[Result "0-1"]
[WhiteElo "802"]
[BlackElo "1041"]

1. e4 d5 2. exd5 Nf6 3. c4 e6 4. dxe6 Bxe6 5. Qf3 Qe7 6. Ne2 c5 7. b3 g6 8.
Bb2 Bg7 9. Nbc3 Nc6 10. Nd5 Bxd5 11. cxd5 Nb4 12. d6 Qxd6 13. Qxb7 Nd3+ 14.
Kd1 Nxf2+ 15. Kc1 O-O 16. Nc3 Nd3+ 17. Bxd3 Qxd3 18. Re1 Rfe8 19. Re2 Rad8 20.
Rxe8+ Rxe8 21. Nd1 Ne4 22. Rb1 Qxd2# 0-1

[Event "WRW Progressive"]
[Site "Hailey, ID"]
[Date "2012.10.06"]
[Round "3.6"]
[White "Sawyer, Paul"]
[Black "Reidy, Matthew Carl"]
[Result "0-1"]
[WhiteElo "134"]
[BlackElo "562"]

{Game/60;d5} 1. e4 e5 2. Qh5 g6 3. Qxe5+ Ne7 4. Qxh8 d5 5. e5 Nbc6 6. Bb5 Qd7
7. Bxc6 Qxc6 8. c3 d4 9. Kd1 Qxg2 10. Ke1 Qxh1 11. Kf1 Qxh2 12. cxd4 Bh3+ 13.
Nxh3 Qxh3+ 14. Kg1 Nf5 15. d5 O-O-O 16. Qf6 Be7 17. Qh4 Bxh4 18. d3 Rxd5 19.
Nc3 Rxd3 20. Nb5 Rd1# 0-1